NFL Last Names - Statistics

General Stats
  • This quiz has been taken 211 times
    71 since last reset
  • The average score is 34 of 51
Answer Stats
First Name Pos Last Name % Correct
Tom QB Brady
97%
Brett QB Favre
95%
Larry WR Fitzgerald
93%
John QB Elway
92%
Randy WR Moss
92%
Jerry WR Rice
90%
Tony TE Gonzalez
90%
Greg TE Olsen
88%
Peyton QB Manning
88%
Johnny QB Unitas
86%
Ray LB Lewis
85%
Deion DB Sanders
83%
OJ RB Simpson
83%
Shannon TE Sharpe
83%
Troy S Polamalu
83%
Ed S Reed
81%
Jerome RB Bettis
78%
Dick LB Butkus
76%
Marshall RB Faulk
76%
Walter RB Payton
76%
Bart QB Starr
75%
Champ CB Bailey
75%
Roger QB Staubach
75%
Brian S Dawkins
73%
Warren DT Sapp
73%
Ronnie S Lott
71%
Brian LB Urlacher
69%
Emmitt RB Smith
69%
Fran QB Tarkenton
69%
Steve WR Largent
69%
Steve S Atwater
61%
Charles DB Woodson
59%
Cris WR Carter
59%
Darrelle CB Revis
59%
Peyton RB Hillis
59%
Reggie WR Wayne
59%
Sean S Taylor
58%
LaDainian RB Tomlinson
56%
Vince DT Wilfork
56%
Ken QB Stabler
54%
Anthony T Munoz
53%
Junior LB Seau
53%
Jack DE Youngblood
44%
Paul DB Krause
42%
Dave TE Casper
41%
Mel CB Blount
41%
Marshal G Yanda
39%
Harold WR Carmichael
36%
Gene G Upshaw
32%
Chuck LB Bednarik
27%
Deacon DE Jones
25%
No matching quizzes found
Score Distribution
Percent of People with Each Score
Percentile by Number Answered
Your Score History
You have not taken this quiz since the last reset